000 01143nam a2200217Ia 4500
001 10440
003 GE_BSU
008 181216s||||||||xx |||||||||||||| ||und||
020 _a821.353.1-3+821.353.1-32
040 _cGE_BSU
080 _a821.353.1-3
245 _aქართული პროზა წ.14 იაკობ გოგებაშვილი,თედო რაზიკაშვილი,ნიკო ლომოური,იროდიონ ევდოშვილი.
245 _bწ.14:იაკობ გოგებაშვილი,თედო რაზიკაშვილი,ნიკო ლომოური,იროდიონ ევდოშვილი.
245 _cსარედ.კოლ:გრ.აბაშიძე,ე.მაღრაძე,ა.სულაკაური და სხვ. შემდგ:გ.გვერდწითელი,რ.თვარაძე.
260 _aთბილისი
260 _bსაბჭ.საქართველო
260 _c1987
300 _a588გვ;20სმ.
653 _aქართული პროზა
942 _cBK
999 _c43700
_d43700